Geography containing SA-SZ - Statistics

General Stats
  • This quiz has been taken 8 times
    3 since last reset
  • The average score is 14 of 26
Answer Stats
Contains: Clue Answer % Correct
SN Main part of the country which includes Herzegovina (6) Bosnia
100%
SG Scotland's largest city (7) Glasgow
100%
SI The capital of Finland (8) Helsinki
100%
SK Minimum requirement to be the Belarusian capital (5) Minsk
100%
SW A tourist centre in Egypt where a first Nile dam was constructed (5) Aswan
67%
SE The main seat of the EU, in Belgium (8) Brussels
67%
SD Eastern German city bombed in World War II (7) Dresden
67%
SV Kentucky's main city, which has a French male name (10) Louisville
67%
SF A guy's meadow that's located at Nottinghamshire town (9) Mansfield
67%
SQ Suburb of Dallas named after a desert plant which, for me, is quite significant (8) Mesquite
67%
SC Europe's largest city (6) Moscow
67%
SL Scottish town where St. Mirren play, known for its pear-shaped fabric pattern (7) Paisley
67%
SM A city in Eritrea which asserts a right to be a capital (6) Asmara
33%
SR A-Team enforcer seen at a major city of Iraq near the mouth of the Euphrates (5) Basra
33%
SA West African capital (6 letters) Bissau
33%
SZ Polish city where we hear they bid with an expression of surprise (10) Bydgoszcz
33%
SO The state capital of Nevada, where Wentz might play his football? (10) Carson City
33%
ST Paraguayan locale whose name means city of the east (13) Ciudad del Este
33%
SB City of the Ruhr metropolis in Germany (8) Duisburg
33%
SY Commune which is in SW Paris, where a mill and some waters are located (17) Issy-les-Moulineaux
33%
SP Barcelona suburb with the name of a medical building (11) L'Hospitalet
33%
SJ Joyless madmen go crazy in Iranian town, where mother hires editor, a man with a name derived from that of a Magnificent Ottoman sultan (14) Masjed Soleymān
33%
SU City of Mohammed, the first leader of Iraq (5) Mosul
33%
SS Panama actress goes on tour wearing ladies' underwear and a raincoat, in a town of East Timor (13) Pante Macassar
33%
SH Nothing plush about this town in Bhutan (12) Phuntsholing
33%
SX Cobain breaks a guitar string while on tour in village of Azerbaijan (7) Keşxurt
0%
No matching quizzes found
Score Distribution
Percent of People with Each Score
Percentile by Number Answered
Your Score History
You have not taken this quiz since the last reset